000 00590nam a22001817a 4500
003 OSt
005 20240702063823.0
008 240702b |||||||| |||| 00| 0 eng d
020 _a9786218029156
040 _aDWC- Main Lib
_cOC
082 _aFil. 657.835 M645g 2018
100 _aMillan , Zeus Vernon B.
245 _aGovernment accounting & accounting for non- profit organizations/
_cZeus Vernon B. Millan
260 _a Baguio Philippines :
_bBandolin Enterprises ,
_cc2018.
300 _ax , 483 pages :
_billustration ;
_c22cm.
650 _a1. Accounting
942 _2ddc
_cBK - FIL
_n1
999 _c1797
_d1797